Saltar al contenido
Inicio
Centros participantes
Catálogo
Servicios
Contacto
Prijava
English
Deutsch
Español
Français
Italiano
日本語
Nederlands
Português
Português (Brasil)
中文(简体)
中文(繁體)
Türkçe
עברית
Gaeilge
Cymraeg
Ελληνικά
Català
Euskara
Русский
Čeština
Suomi
Svenska
polski
Dansk
slovenščina
اللغة العربية
বাংলা
Galego
Tiếng Việt
Hrvatski
हिंदी
Հայերէն
Українська
Sámegiella
Jezik
Vsa polja
Naslov
Avtor
Tema
Signatura
ISBN/ISSN
Oznaka
Išči
Napredno
Integración y Cooperación en A...
Citiraj
Pošljite email
Natisni
Izvozi zadetek
Izvozi v RefWorks
Izvozi v EndNoteWeb
Izvozi v EndNote
Dodaj v priljubljene
Enlace Permanente
Agregar primera valuación
Integración y Cooperación en América Latina
Shranjeno v:
Bibliografske podrobnosti
Glavni avtor:
Salazar Carrillo, Jorge Antonio
Korporativna značnica:
ILDES
Format:
Texto
Izdano:
Campinas:
ILDES
Oznake:
Označite
Brez oznak, prvi označite!
Zaloga
Opis
Komentarji
Podobne knjige/članki
Knjižničarski pogled
MARC
LEADER
00000 a a2200000 04500
001
23019
003
040
|a
CRAI/IIS
|c
CRAI/IIS
090
|a
154101
100
|a
Salazar Carrillo, Jorge Antonio
110
|a
ILDES
245
|a
Integración y Cooperación en América Latina
260
|a
Campinas:
|b
ILDES
300
|a
358 p
999
|c
7126
|d
7126
Podobne knjige/članki
Integración y Cooperación en América Latina /
od: Salazar Carrillo, Jorge Antonio
Integración y cooperación en América Latina /
od: Jorge, Antonio
Integración y cooperación en América Latina /
od: Jorge, Antonio
Integración, cooperación y concertación en América Latina /
od: Vacchino, Juan Mario
Institucionalidad centroamericana: cooperación sin integración /
od: Urbina Ortega, Jorge
Izdano: (2003)